| 000 | 00626nam a22002172 4500 | ||
|---|---|---|---|
| 001 | 0000012090 | ||
| 005 | 20151217145854.0 | ||
| 008 | 090202s xx 000 0 eng d | ||
| 020 | _a0534126723 : | ||
| 040 |
_aKABU _cKABU |
||
| 100 | 1 |
_aBabbie, Earl. _@0000149844 |
|
| 245 | 1 | 0 |
_aSurvey research methods / _cEarl Babbie. |
| 250 | _a2nd ed. | ||
| 260 |
_aBelmont, CA. : _bWadsworth, _c1990. |
||
| 300 | _axx, 395 p. | ||
| 650 | 0 |
_aSocial sciences _xResearch. _@0000148151 |
|
| 650 | 0 |
_aSocial surveys. _@0000152836 |
|
| 852 | 1 | _9p5648.87 KES | |
| 908 | _a090202 | ||
| 950 | _@1 | ||
| 999 |
_c3541 _d3541 |
||